00546pab a2200133 454500008004000000100001800040245003400058260000900092300001500101362001100116520023900127650001200366773003400378180718b1999 xxu||||| |||| 00| 0 eng d aNair, Tara S. aHousing: the missing concerns c1999 ap.1871-872 a10 Jul aWhile the latest budget makes grand pronouncement about expanding the availability of housing finance, it shows little comprehension of the difficulties of creating and strengthening participatory mechanisms in this area. - Reproduced aHousing aEconomic and Political Weekly